000 00734nam a2200229Ia 4500
001 15940
003 GE_BSU
008 181216s||||||||xx |||||||||||||| ||und||
040 _cGE_BSU
080 _a821.353.1-32
100 _aხერგიანი, მირონ
245 _aპირველი ღამისთევა
245 _bმოთხრობები
245 _cრედ. გ.ხორნაული. მხ. დ. ხოჯელანი
260 _aთბილისი
260 _bნაკადული
260 _c1966
300 _a198გვ. ; 16სმ.
653 _aმოთხრობები
653 _aპირველი ღამისთევა
942 _cBK
999 _c49035
_d49035